| 000 | 00382nam a22001097a 4500 | ||
|---|---|---|---|
| 008 | 230612b xxu||||| |||| 00| 0 eng d | ||
| 082 |
_a354.676 _bGOK |
||
| 245 |
_a2012/2013 Estimates of Recurrent Expenditure of the Government of Kenya for the Year Ending 30th June 2013 _cGovernment of Kenya |
||
| 260 |
_aNairobi _bGovernment of Kenya _cApril 2012 |
||
| 300 | _a578 p | ||
| 942 |
_2ddc _cBK |
||
| 999 |
_c1116 _d1116 |
||